Diferencovaná prevencia drogovej závislosti

Salvato in:
Dettagli Bibliografici
Autore principale: Kačániová, Jarmila
Natura: Capitolo di libro
Lingua:slovacco
Tags: Aggiungi Tag
Nessun Tag, puoi essere il primo ad aggiungerne!!

MARC

LEADER 00000naa$a2200000$$$4500
001 0062688
005 20240502071717.2
041 0 |a slo 
044 |a SK 
245 1 0 |a Diferencovaná prevencia drogovej závislosti  |c Jarmila Kačániová 
100 1 |a Kačániová, Jarmila